000 00626nam a22002295i 4500
001 11096
003 ES-MaACL
005 20230906150027.0
007 t|
008 930517s1992 sp ||||0| baq j
020 _a84-7917-205-3
040 _aM-BN
_bspa
_cM-BN
080 _a930.85(460.15)
100 1 _aAzurmendi, Joxe.
_924378
245 1 0 _aEspainolak eta Euskaldunak /
_cJoxe Azurmendi.
250 _a[3. argitaraldia].
260 _aDonostia :
_bElkar,
_c1992.
300 _a581 p ;
_c19 cm.
500 _aEn el lomo: 129.
650 1 4 _aVascos-
_xCivilización.
_917742
852 _aES-MaACL
_jL-18378
_bR.121885
999 _c11096
_d11096